| 000 | 00667cam a2200217 a 4500 | ||
|---|---|---|---|
| 001 | 1002523 | ||
| 005 | 20240130060050.0 | ||
| 008 | 860502s1985 ce b b 001 0 eng | ||
| 040 |
_aDLC _cDLC _dDLC |
||
| 082 | 0 | 0 |
_a305.5/12/095493 _219 _bJAY. |
| 100 | 1 | _aPerera, Jayantha. | |
| 245 | 1 | 0 |
_aNew dimensions of social stratification in rural Sri Lanka / _cJayantha Perera. |
| 250 | _a1 st. | ||
| 260 |
_aColombo, Sri Lanka : _bLake House Investments, _c1985. |
||
| 300 | _axv, 211 p. : | ||
| 500 | _aRevision of the author's thesis (D. Phil.--University of Sussex, 1981) | ||
| 500 | _aIncludes index. | ||
| 650 | 0 | _aSocial classes | |
| 650 | 0 | _aVillages | |
| 942 | _cL | ||
| 999 |
_c246 _d246 |
||